[Event "Budapest FS11 GM"]
[Site "Budapest"]
[Date "1993.??.??"]
[Round "4"]
[White "Zeitlein, Michael"]
[Black "Teplitsky, Yan"]
[Result "1-0"]
[WhiteElo "2430"]
[BlackElo "2345"]
[PlyCount "47"]
[EventDate "1993.11.??"]
[EventType "tourn"]
[EventRounds "13"]
[EventCountry "HUN"]
[EventCategory "7"]
[SourceTitle "EXT 1997"]
[Source "ChessBase"]
[SourceDate "1996.11.15"]
[SourceVersion "1"]
[SourceVersionDate "1996.11.15"]
[SourceQuality "1"]

1. d4 g6 2. e4 Bg7 3. Nc3 c6 4. Nf3 d5 5. h3 Nh6 6. Bf4 f6 7. exd5 cxd5 8. Nb5
O-O 9. c4 Na6 10. cxd5 Qxd5 11. Nc3 Qf5 12. Qd2 Nf7 13. Bd3 Qe6+ 14. Kf1 Qd7
15. Re1 e6 16. Bc4 Nc7 17. h4 Nd6 18. Bxd6 Qxd6 19. h5 Bd7 20. hxg6 hxg6 21.
Qd3 Be8 22. Qe4 Qc6 23. d5 f5 24. Qh4 1-0

[Event "Budapest FS11 GM"]
[Site "Budapest"]
[Date "1993.??.??"]
[Round "7"]
[White "Sutovsky, Emil"]
[Black "Zeitlein, Michael"]
[Result "0-1"]
[WhiteElo "2410"]
[BlackElo "2430"]
[PlyCount "40"]
[EventDate "1993.11.??"]
[EventType "tourn"]
[EventRounds "13"]
[EventCountry "HUN"]
[EventCategory "7"]
[SourceTitle "EXT 1997"]
[Source "ChessBase"]
[SourceDate "1996.11.15"]
[SourceVersion "1"]
[SourceVersionDate "1996.11.15"]
[SourceQuality "1"]

1. e4 e5 2. Nf3 Nc6 3. Bc4 Nf6 4. d3 Bc5 5. c3 a6 6. Nbd2 d6 7. Bb3 O-O 8. h3
Be6 9. Qe2 Qe7 10. Bc2 Rad8 11. Nf1 d5 12. g4 b5 13. Ne3 Bxe3 14. Qxe3 d4 15.
Qg5 Qc5 16. Bd2 dxc3 17. bxc3 Nb4 18. cxb4 Qxc2 19. Nxe5 Nxe4 20. dxe4 Qxe4+
0-1

[Event "Budapest FS11 GM"]
[Site "Budapest"]
[Date "1993.??.??"]
[Round "8"]
[White "Zeitlein, Michael"]
[Black "Almasi, Istvan"]
[Result "1-0"]
[WhiteElo "2430"]
[BlackElo "2400"]
[PlyCount "47"]
[EventDate "1993.11.??"]
[EventType "tourn"]
[EventRounds "13"]
[EventCountry "HUN"]
[EventCategory "7"]
[SourceTitle "EXT 1997"]
[Source "ChessBase"]
[SourceDate "1996.11.15"]
[SourceVersion "1"]
[SourceVersionDate "1996.11.15"]
[SourceQuality "1"]

1. e4 c5 2. Nf3 e6 3. Nc3 Nc6 4. Bb5 Nge7 5. O-O a6 6. Bxc6 Nxc6 7. d4 cxd4 8.
Nxd4 d6 9. Nxc6 bxc6 10. Qg4 h5 11. Qe2 g6 12. b3 Bg7 13. Bb2 O-O 14. Na4 Bxb2
15. Nxb2 d5 16. Na4 Rb8 17. c4 Qa5 18. Rfd1 dxc4 19. Qxc4 Rb4 20. Qc2 Rd8 21.
Qc3 Rxd1+ 22. Rxd1 Bd7 23. Nc5 Be8 24. Nb7 1-0

[Event "Budapest FS11 GM"]
[Site "Budapest"]
[Date "1993.??.??"]
[Round "10"]
[White "Vadasz, Laszlo"]
[Black "Zeitlein, Michael"]
[Result "0-1"]
[WhiteElo "2400"]
[BlackElo "2430"]
[PlyCount "70"]
[EventDate "1993.11.??"]
[EventType "tourn"]
[EventRounds "13"]
[EventCountry "HUN"]
[EventCategory "7"]
[SourceTitle "EXT 1997"]
[Source "ChessBase"]
[SourceDate "1996.11.15"]
[SourceVersion "1"]
[SourceVersionDate "1996.11.15"]
[SourceQuality "1"]

1. Nf3 Nf6 2. c4 g6 3. g3 Bg7 4. Bg2 O-O 5. O-O c6 6. d4 d6 7. Nc3 Qa5 8. h3
Be6 9. Nd2 Qa6 10. d5 cxd5 11. cxd5 Bd7 12. Rb1 Rc8 13. a3 b5 14. e4 Qb7 15.
Re1 a5 16. Nf1 b4 17. axb4 axb4 18. Ne2 Ra5 19. Be3 Na6 20. Ra1 Rxa1 21. Qxa1
Nc5 22. Qb1 Bb5 23. Nc1 Nfd7 24. Rd1 Qa6 25. Bd4 Ne5 26. Nd2 Ned3 27. Bxg7 Kxg7
28. Ndb3 Nxc1 29. Nxc1 Qa4 30. Re1 b3 31. Bf1 Bxf1 32. Kxf1 Qc4+ 33. Kg2 Rb8
34. Re3 Rb4 35. Rc3 Qd4 0-1

[Event "Budapest FS11 GM"]
[Site "Budapest"]
[Date "1993.??.??"]
[Round "12"]
[White "Lengyel, Bela"]
[Black "Zeitlein, Michael"]
[Result "0-1"]
[WhiteElo "2420"]
[BlackElo "2430"]
[PlyCount "156"]
[EventDate "1993.11.??"]
[EventType "tourn"]
[EventRounds "13"]
[EventCountry "HUN"]
[EventCategory "7"]
[SourceTitle "EXT 1997"]
[Source "ChessBase"]
[SourceDate "1996.11.15"]
[SourceVersion "1"]
[SourceVersionDate "1996.11.15"]
[SourceQuality "1"]

1. e4 e5 2. Nf3 Nc6 3. Bb5 a6 4. Ba4 Nf6 5. O-O d6 6. c3 Bd7 7. Re1 Be7 8. d3
O-O 9. Nbd2 b5 10. Bc2 h6 11. Nf1 Nh7 12. a4 b4 13. d4 bxc3 14. bxc3 Ng5 15. d5
Na5 16. Ne3 Nxf3+ 17. Qxf3 Bg5 18. g3 Rb8 19. h4 Bxe3 20. Bxe3 Nc4 21. Bc1 a5
22. Qe2 Nb6 23. c4 c5 24. Bd2 Ra8 25. Reb1 Ra7 26. f4 exf4 27. Bxf4 Nc8 28. Rb8
Qe8 29. Bxd6 Ra6 30. Bxf8 Qe5 31. Bxc5 Qxg3+ 32. Qg2 Qxb8 33. h5 Qe5 34. Ra3
Qxh5 35. Rg3 Qe5 36. Be3 Ne7 37. c5 Rg6 38. Rxg6 Nxg6 39. c6 Bc8 40. Qf2 h5 41.
Bd3 h4 42. Bd4 Qg5+ 43. Kh1 Nf4 44. Bc4 Nh5 45. Kh2 Qc1 46. Bf1 Ng3 47. Bg2 Qc4
48. Be5 Nxe4 49. Qxh4 Bf5 50. c7 f6 51. Qf4 fxe5 52. Qxf5 Nd6 53. Qe6+ Kh7 54.
Qxe5 Qxc7 55. Be4+ Kg8 56. Bf5 Kf8 57. Kh3 Qb6 58. Bd7 Qc7 59. Qf4+ Ke7 60. Bg4
Qc3+ 61. Bf3 Nf7 62. Kg2 Qb2+ 63. Kf1 Qe5 64. Qc4 Qe3 65. Be4 Qf4+ 66. Ke2 Nd6
67. Qc7+ Kf6 68. Bd3 Qe5+ 69. Kf1 Qxd5 70. Qd8+ Ke5 71. Bb5 Qd1+ 72. Kg2 Qd2+
73. Kf1 g5 74. Be2 Kf4 75. Qd7 Ne4 76. Qf7+ Ke3 77. Qa7+ Qd4 78. Qxa5 Qf6+ 0-1

[Event "Bagneux"]
[Site "Bagneux"]
[Date "1994.??.??"]
[Round "8"]
[White "Zeitlein, Michael"]
[Black "Alawieh, Amin"]
[Result "1-0"]
[WhiteElo "2440"]
[BlackElo "2360"]
[PlyCount "35"]
[EventDate "1994.??.??"]
[EventType "tourn"]
[EventRounds "9"]
[EventCountry "FRA"]
[EventCategory "4"]
[SourceTitle "EXT 2001"]
[Source "ChessBase"]
[SourceDate "2000.11.22"]
[SourceVersion "1"]
[SourceVersionDate "2000.11.22"]
[SourceQuality "1"]

1. d4 d5 2. c4 c6 3. e3 Nf6 4. Bd3 e6 5. Nf3 Nbd7 6. Nbd2 Be7 7. O-O O-O 8. e4
dxe4 9. Nxe4 c5 10. dxc5 Bxc5 11. Bg5 h6 12. Bh4 b6 13. Qe2 Bb7 14. Rad1 Qc7
15. Ne5 Rad8 16. Bxf6 gxf6 17. Qg4+ Kh8 18. Qf4 1-0

[Event "Tiraspol"]
[Site "Tiraspol"]
[Date "1994.??.??"]
[Round "1"]
[White "Titov, German1"]
[Black "Zeitlein, Michael"]
[Result "0-1"]
[WhiteElo "2500"]
[BlackElo "2440"]
[PlyCount "98"]
[EventDate "1994.??.??"]
[EventType "tourn"]
[EventRounds "9"]
[EventCountry "MDA"]
[EventCategory "10"]
[SourceTitle "CBM 040"]
[Source "ChessBase"]
[SourceDate "1994.06.01"]
[SourceVersion "1"]
[SourceVersionDate "1994.06.01"]
[SourceQuality "1"]

1. e4 e5 2. Nf3 Nc6 3. Bc4 Nf6 4. d3 Bc5 5. c3 a6 6. Nbd2 d6 7. Bb3 O-O 8. h3
Be6 9. O-O Qe7 10. Re1 Rad8 11. Nf1 Bb6 12. Ng3 Kh8 13. Ba4 Nb8 14. Bc2 Ng8 15.
d4 g6 16. Qe2 Bc8 17. Be3 Nd7 18. Rad1 Ndf6 19. Nd2 c5 20. Nc4 Bc7 21. f4 exd4
22. cxd4 d5 23. Ne5 Nxe4 24. Nxe4 dxe4 25. dxc5 Nf6 26. Qf2 Rxd1 27. Rxd1 Kg8
28. c6 Rd8 29. Rxd8+ Qxd8 30. Bb3 Nd5 31. Bd4 Bxe5 32. fxe5 bxc6 33. Qc2 Nf4
34. Be3 Nd5 35. Qxe4 Bf5 36. Qd4 Qa5 37. Bf2 Be6 38. Bh4 c5 39. Qf2 Qb4 40.
Bxd5 Bxd5 41. a3 Qd4 42. Qxd4 cxd4 43. Kf2 Kf8 44. Bg5 Ke8 45. g3 Kd7 46. Bf6
Be6 47. h4 Kc6 48. Be7 Kd5 49. Bd6 f6 0-1

[Event "Tiraspol"]
[Site "Tiraspol"]
[Date "1994.??.??"]
[Round "5"]
[White "Saltaev, Mihail"]
[Black "Zeitlein, Michael"]
[Result "0-1"]
[WhiteElo "2480"]
[BlackElo "2440"]
[PlyCount "125"]
[EventDate "1994.??.??"]
[EventType "tourn"]
[EventRounds "9"]
[EventCountry "MDA"]
[EventCategory "10"]
[SourceTitle "CBM 040"]
[Source "ChessBase"]
[SourceDate "1994.06.01"]
[SourceVersion "1"]
[SourceVersionDate "1994.06.01"]
[SourceQuality "1"]

1. e4 c5 2. Nf3 Nc6 3. d4 cxd4 4. Nxd4 Nf6 5. Nc3 d6 6. Bc4 Qb6 7. Nde2 e6 8.
O-O Be7 9. a4 O-O 10. Be3 Qc7 11. Ng3 a6 12. Qe2 Bd7 13. f4 Rac8 14. Bd3 Rfe8
15. Kh1 Nb4 16. a5 Nxd3 17. cxd3 Bc6 18. Bb6 Qd7 19. f5 e5 20. Nh5 d5 21. Nxf6+
Bxf6 22. exd5 Bxd5 23. Ne4 Rc6 24. Rac1 Bxe4 25. Qxe4 Rec8 26. Rc4 h6 27. h3
Rd6 28. b4 Rcc6 29. Rxc6 bxc6 30. Rf3 Rd5 31. Qc4 Rb5 32. Bc5 Bd8 33. d4 exd4
34. Bxd4 Rd5 35. Bg1 Qb7 36. Rd3 Be7 37. Rxd5 cxd5 38. Qd4 Qxb4 39. Qxd5 Qe1
40. Qd7 Bf6 41. Qd5 Bh4 42. Qd4 Bg3 43. Qe3 Qxe3 44. Bxe3 Kf8 45. Kg1 Ke7 46.
Bd4 g6 47. fxg6 fxg6 48. Kf1 Bc7 49. Bc3 Kd7 50. Ke2 Kc6 51. g4 Kb5 52. Bd2 h5
53. gxh5 gxh5 54. Kf3 Bxa5 55. Bg5 Bb4 56. Bd8 Bc5 57. Ke4 Bb6 58. Be7 Kc4 59.
Ba3 a5 60. Be7 a4 61. Ba3 Bc5 62. Bc1 Be7 63. Ke5 0-1

[Event "Cappelle op 10th"]
[Site "Cappelle la Grande"]
[Date "1994.??.??"]
[Round "?"]
[White "Baburin, Alexander"]
[Black "Zeitlein, Michael"]
[Result "0-1"]
[WhiteElo "2520"]
[BlackElo "2440"]
[PlyCount "124"]
[EventDate "1994.02.??"]
[EventType "swiss"]
[EventRounds "9"]
[EventCountry "FRA"]
[SourceTitle "EXT 2010"]
[Source "ChessBase"]
[SourceDate "2010.11.25"]
[SourceVersion "1"]
[SourceVersionDate "2010.11.25"]
[SourceQuality "1"]

1. d4 f5 2. g3 Nf6 3. Bg2 g6 4. Nf3 Bg7 5. O-O O-O 6. c4 d6 7. Nc3 Nc6 8. d5
Na5 9. Qc2 a6 10. b3 c5 11. Bb2 Rb8 12. e4 b5 13. e5 Ng4 14. exd6 exd6 15. Nd1
bxc4 16. bxc4 f4 17. Bxg7 Kxg7 18. Qc3+ Kg8 19. h3 Nh6 20. g4 Nf7 21. Nb2 Rxb2
22. Qxb2 Nxc4 23. Qc3 Nfe5 24. Nh2 h5 25. Rfe1 hxg4 26. hxg4 Qg5 27. f3 Ne3 28.
Rxe3 fxe3 29. Re1 Bd7 30. Rxe3 Rb8 31. Nf1 Rb4 32. Re1 Qf4 33. Qe3 Bb5 34. Qxf4
Rxf4 35. Nd2 Bd3 36. Kf2 Ra4 37. Ra1 c4 38. Rc1 Rxa2 39. Ke3 g5 40. Rc3 Ra1 41.
Kf2 Kg7 42. Bf1 Rd1 43. Bxd3 Rxd2+ 44. Be2 Rxd5 45. Ke3 Rb5 46. f4 gxf4+ 47.
Kxf4 Rb2 48. Re3 c3 49. Bxa6 c2 50. Rc3 Rb6 51. Rc7+ Kf8 52. Rxc2 Rxa6 53. Kf5
Nc6 54. Kf6 Ne7 55. g5 d5+ 56. Ke5 Rg6 57. Rg2 Kf7 58. Rf2+ Ke8 59. Rg2 Kd7 60.
Kf4 Re6 61. Ra2 Re4+ 62. Kf3 Nc6 0-1

[Event "Cappelle op 10th"]
[Site "Cappelle la Grande"]
[Date "1994.??.??"]
[Round "?"]
[White "Zeitlein, Michael"]
[Black "Dvoirys, Semen I"]
[Result "1-0"]
[WhiteElo "2440"]
[BlackElo "2550"]
[PlyCount "83"]
[EventDate "1994.02.??"]
[EventType "swiss"]
[EventRounds "9"]
[EventCountry "FRA"]
[SourceTitle "EXT 2010"]
[Source "ChessBase"]
[SourceDate "2010.11.25"]
[SourceVersion "1"]
[SourceVersionDate "2010.11.25"]
[SourceQuality "1"]

1. e4 c5 2. Nf3 d6 3. Bb5+ Nc6 4. O-O Bd7 5. c3 Nf6 6. Re1 a6 7. Ba4 b5 8. Bc2
e5 9. a4 b4 10. h3 Be7 11. d4 bxc3 12. bxc3 cxd4 13. cxd4 Rc8 14. Nbd2 Qc7 15.
Ba3 exd4 16. Nb3 O-O 17. Nbxd4 Rfe8 18. Nxc6 Qxc6 19. Bb3 Be6 20. Bxe6 fxe6 21.
Rc1 Qb7 22. Rxc8 Rxc8 23. Bxd6 Rd8 24. e5 Bxd6 25. exd6 Qd5 26. Qxd5 exd5 27.
Re6 Ne4 28. d7 Rxd7 29. Rxa6 Rb7 30. Ne5 Rb1+ 31. Kh2 h5 32. f3 Nc3 33. a5 Ra1
34. Rc6 d4 35. a6 Ne2 36. h4 Nf4 37. Rd6 d3 38. Kg3 Ra4 39. Nc6 Kh7 40. a7 Ne2+
41. Kf2 Ra2 42. Ke3 1-0

[Event "Budapest FS11 IM-B"]
[Site "Budapest"]
[Date "1994.??.??"]
[Round "4"]
[White "Zeitlein, Michael"]
[Black "Smolovic, Mile"]
[Result "1-0"]
[WhiteElo "2440"]
[BlackElo "2370"]
[PlyCount "53"]
[EventDate "1994.11.??"]
[EventType "tourn"]
[EventRounds "11"]
[EventCountry "HUN"]
[EventCategory "3"]
[SourceTitle "CBM 045 Extra"]
[Source "ChessBase"]
[SourceDate "1995.05.01"]
[SourceVersion "1"]
[SourceVersionDate "1995.05.01"]
[SourceQuality "1"]

1. e4 c5 2. Nf3 d6 3. d4 Nf6 4. Nc3 cxd4 5. Nxd4 e6 6. f4 Nc6 7. Be3 Be7 8. Qf3
O-O 9. O-O-O Qa5 10. Nb3 Qh5 11. Qxh5 Nxh5 12. g4 Nf6 13. g5 Ne8 14. Bg2 Nc7
15. a4 f5 16. Nb5 Ne8 17. exf5 Rxf5 18. Bxc6 bxc6 19. N5d4 Rf7 20. Nxc6 Bf8 21.
Rhe1 Rc7 22. Ncd4 e5 23. fxe5 dxe5 24. Nb5 Rc4 25. Rd8 a6 26. Rxe8 Kf7 27. Rxe5
1-0

[Event "Budapest FS11 IM-B"]
[Site "Budapest"]
[Date "1994.??.??"]
[Round "8"]
[White "Dobos, Jozsef"]
[Black "Zeitlein, Michael"]
[Result "0-1"]
[WhiteElo "2330"]
[BlackElo "2440"]
[PlyCount "112"]
[EventDate "1994.11.??"]
[EventType "tourn"]
[EventRounds "11"]
[EventCountry "HUN"]
[EventCategory "3"]
[SourceTitle "CBM 045 Extra"]
[Source "ChessBase"]
[SourceDate "1995.05.01"]
[SourceVersion "1"]
[SourceVersionDate "1995.05.01"]
[SourceQuality "1"]

1. d4 Nf6 2. Nc3 d5 3. Bg5 Nbd7 4. Nf3 g6 5. e3 Bg7 6. Bd3 O-O 7. O-O c6 8. Re1
Re8 9. e4 dxe4 10. Nxe4 Nxe4 11. Bxe4 Nf6 12. Bd3 Bg4 13. c3 Qd5 14. Bxf6 Bxf3
15. Qxf3 Qxf3 16. gxf3 Bxf6 17. a4 Rad8 18. Bc4 e5 19. dxe5 Rxe5 20. Rxe5 Bxe5
21. Re1 Bf6 22. Kg2 Kf8 23. f4 a6 24. Re2 b5 25. axb5 axb5 26. Bb3 c5 27. Bc2
c4 28. Be4 Rd6 29. Kf3 Bd8 30. f5 g5 31. h3 h5 32. Kg2 Bf6 33. Bf3 h4 34. Be4
Kg7 35. Bf3 Kf8 36. Be4 Bd8 37. Bf3 Bf6 38. Be4 Kg7 39. Bf3 Kh6 40. Re4 Ra6 41.
Re2 Ra2 42. Bc6 b4 43. cxb4 c3 44. Bd5 Rxb2 45. Rxb2 cxb2 46. Ba2 Bd4 47. Kf3
Bb6 48. b5 Bc5 49. Bb1 Kh5 50. Ba2 g4+ 51. hxg4+ Kg5 52. Bb1 Bb6 53. f6 Bc7 54.
Bf5 h3 55. b6 Bb8 56. b7 Kxf6 0-1

[Event "Muenster op"]
[Site "Muenster"]
[Date "1995.??.??"]
[Round "7"]
[White "Zeitlein, Michael"]
[Black "Espig, Lutz"]
[Result "1-0"]
[WhiteElo "2435"]
[BlackElo "2430"]
[PlyCount "73"]
[EventDate "1995.??.??"]
[EventType "swiss"]
[EventRounds "9"]
[EventCountry "GER"]
[SourceTitle "EXT 2001"]
[Source "ChessBase"]
[SourceDate "2000.11.22"]
[SourceVersion "1"]
[SourceVersionDate "2000.11.22"]
[SourceQuality "1"]

1. e4 c5 2. Nf3 e6 3. Nc3 d6 4. d4 cxd4 5. Qxd4 Nc6 6. Bb5 Bd7 7. Bxc6 Bxc6 8.
Bg5 Nf6 9. O-O-O Be7 10. Rhe1 Qa5 11. Kb1 O-O 12. Qd2 Qa6 13. Nd4 Rfd8 14. f3
Be8 15. g4 b5 16. Nde2 Qb7 17. Ng3 Rac8 18. Rg1 Kh8 19. Nh5 Ng8 20. Bxe7 Qxe7
21. g5 g6 22. Nf4 Rc5 23. Nd3 Rc4 24. Ne2 Rdc8 25. c3 a5 26. Ndc1 R4c6 27. Nd4
Ra6 28. Qe2 Rb6 29. Qd3 Rcb8 30. h4 f6 31. Nc2 Bf7 32. Ne3 Rc6 33. Rd2 h5 34.
f4 f5 35. Re1 Qd7 36. Nb3 Ra6 37. Nc5 1-0

[Event "Muenster op"]
[Site "Muenster"]
[Date "1995.??.??"]
[Round "8"]
[White "Zeitlein, Michael"]
[Black "Menk, Rolf"]
[Result "1-0"]
[WhiteElo "2435"]
[BlackElo "2305"]
[PlyCount "117"]
[EventDate "1995.??.??"]
[EventType "swiss"]
[EventRounds "9"]
[EventCountry "GER"]
[SourceTitle "EXT 2001"]
[Source "ChessBase"]
[SourceDate "2000.11.22"]
[SourceVersion "1"]
[SourceVersionDate "2000.11.22"]
[SourceQuality "1"]

1. e4 g6 2. d4 Bg7 3. Nc3 c6 4. Nf3 d5 5. h3 Nf6 6. Bd3 dxe4 7. Nxe4 Nxe4 8.
Bxe4 Nd7 9. O-O Nf6 10. Bd3 O-O 11. Re1 Bf5 12. Bxf5 gxf5 13. Bf4 e6 14. Be5
Kh8 15. c4 Rg8 16. Qb3 Qd7 17. Rad1 Rad8 18. Bxf6 Bxf6 19. Ne5 Qc7 20. Qe3 Bg5
21. Qc3 Bf6 22. Rd3 Rd6 23. f4 Rgd8 24. Red1 Bxe5 25. fxe5 R6d7 26. Kh1 Rg8 27.
b3 h6 28. Qb2 Kh7 29. d5 cxd5 30. cxd5 Rxd5 31. Rxd5 exd5 32. Rxd5 Rd8 33. Rxd8
Qxd8 34. Qf2 Qd1+ 35. Kh2 Qd3 36. Qxa7 Qe4 37. Qc5 b6 38. Qc3 Qf4+ 39. Kg1 Qe4
40. a4 Qe2 41. Qd4 b5 42. Kh2 bxa4 43. bxa4 Qa2 44. Qd7 Kg6 45. Qd8 Kg7 46.
Qf6+ Kg8 47. Qxh6 Qxa4 48. Qg5+ Kh8 49. Qxf5 Qc6 50. h4 Qc4 51. Kh3 Qc3+ 52. g3
Qe1 53. h5 Qh1+ 54. Kg4 Qd1+ 55. Qf3 Qd7+ 56. Kg5 Qd2+ 57. Qf4 Qh2 58. Kh6 f5
59. Qd4 1-0

[Event "Passau op 4th"]
[Site "Passau"]
[Date "1996.??.??"]
[Round "6"]
[White "Juergens, Vera"]
[Black "Zeitlein, Michael"]
[Result "0-1"]
[WhiteElo "2320"]
[BlackElo "2490"]
[PlyCount "70"]
[EventDate "1996.04.??"]
[EventType "swiss"]
[EventRounds "7"]
[EventCountry "GER"]
[SourceTitle "EXT 2001"]
[Source "ChessBase"]
[SourceDate "2000.11.22"]
[SourceVersion "1"]
[SourceVersionDate "2000.11.22"]
[SourceQuality "1"]

1. d4 Nf6 2. g3 d5 3. Bg2 c6 4. Nf3 Bf5 5. O-O e6 6. c4 Nbd7 7. b3 Be7 8. Bb2
O-O 9. Nbd2 Ne4 10. Ne1 Qa5 11. Nxe4 Bxe4 12. Bxe4 dxe4 13. Qc2 Nf6 14. f3 Qf5
15. Ng2 h6 16. Ne3 Qg6 17. f4 Rfe8 18. f5 Qg5 19. Bc1 Rad8 20. fxe6 fxe6 21.
Nd5 Qh5 22. Nxe7+ Rxe7 23. e3 Rf7 24. Bb2 Rdd7 25. Rf4 Nh7 26. Rh4 Qf3 27. Re1
Ng5 28. Bc3 Rf5 29. Qg2 e5 30. g4 Rff7 31. Rh5 exd4 32. Bxd4 c5 33. Bc3 Rd3 34.
h4 Nh3+ 35. Kh2 Rxc3 0-1

[Event "Passau op 4th"]
[Site "Passau"]
[Date "1996.??.??"]
[Round "7"]
[White "Zeitlein, Michael"]
[Black "Konopka, Michal"]
[Result "1-0"]
[WhiteElo "2490"]
[BlackElo "2380"]
[PlyCount "125"]
[EventDate "1996.04.??"]
[EventType "swiss"]
[EventRounds "7"]
[EventCountry "GER"]
[SourceTitle "EXT 2001"]
[Source "ChessBase"]
[SourceDate "2000.11.22"]
[SourceVersion "1"]
[SourceVersionDate "2000.11.22"]
[SourceQuality "1"]

1. d4 Nf6 2. Nf3 g6 3. Bg5 Bg7 4. Nbd2 O-O 5. c3 d6 6. e4 b6 7. Bd3 Bb7 8. O-O
Nbd7 9. h3 e5 10. dxe5 dxe5 11. Qe2 h6 12. Bh4 g5 13. Bg3 Nh5 14. Rad1 Qe7 15.
Ba6 Nf4 16. Bxf4 Bxa6 17. Qxa6 exf4 18. Nb3 c5 19. Qb7 Rfd8 20. Rd2 Bf8 21. Qc7
Nf6 22. Qxe7 Bxe7 23. e5 Ne8 24. Rfd1 Rxd2 25. Rxd2 Rd8 26. Kf1 Kg7 27. Ke2 Kg6
28. g4 fxg3 29. fxg3 Nc7 30. Ke3 Kf5 31. g4+ Ke6 32. Rxd8 Bxd8 33. Ke4 Ne8 34.
Nc1 Bc7 35. Nd3 f6 36. exf6 Nxf6+ 37. Ke3 Nd5+ 38. Ke4 Nf6+ 39. Ke3 Nd5+ 40.
Ke2 c4 41. Nd4+ Kd7 42. Nf2 Bf4 43. Nf5 Bc1 44. Nd1 Nf4+ 45. Kf3 Nxh3 46. Nxh6
Nf4 47. Ke4 Nd3 48. Kd4 Nxb2 49. Nxb2 Bxb2 50. Nf7 b5 51. Nxg5 b4 52. Kxc4 bxc3
53. Kd3 Kd6 54. Nf3 Kd5 55. a4 Ba3 56. Kxc3 Ke4 57. Nd4 Kf4 58. Kc4 a5 59. Nc6
Kxg4 60. Nxa5 Kf5 61. Kb5 Ke6 62. Nc4 Be7 63. Kb6 1-0

[Event "Budapest FS06 GM"]
[Site "Budapest"]
[Date "1996.??.??"]
[Round "9"]
[White "Zeitlein, Michael"]
[Black "Varga, Zoltan"]
[Result "1-0"]
[WhiteElo "2425"]
[BlackElo "2540"]
[PlyCount "145"]
[EventDate "1996.06.??"]
[EventType "tourn"]
[EventRounds "11"]
[EventCountry "HUN"]
[EventCategory "7"]
[SourceTitle "CBM 052 Extra"]
[Source "ChessBase"]
[SourceDate "1996.07.01"]
[SourceVersion "1"]
[SourceVersionDate "1996.07.01"]
[SourceQuality "1"]

1. e4 e5 2. Nf3 Nc6 3. Nc3 Nf6 4. Bb5 Bb4 5. Bxc6 bxc6 6. O-O d6 7. d3 Bxc3 8.
bxc3 h6 9. Nd2 O-O 10. c4 Nh7 11. f4 exf4 12. Rxf4 f5 13. Bb2 Ng5 14. Qh5 Rb8
15. Bc3 d5 16. exf5 Bxf5 17. Raf1 d4 18. Bxd4 Ne6 19. Rxf5 Qxd4+ 20. Kh1 Qe3
21. Ne4 Nf4 22. Rxf8+ Rxf8 23. Qc5 Qe2 24. Qf2 Qxf2 25. Rxf2 Rb8 26. h3 Ne6 27.
Kh2 Rb2 28. c3 Rb1 29. Kg3 Rd1 30. Rd2 Rc1 31. Rb2 Rd1 32. Rd2 Rc1 33. h4 a5
34. d4 Kf7 35. d5 cxd5 36. cxd5 Nf8 37. Rd4 Ke7 38. Rc4 Kd7 39. Rc6 Rd1 40. c4
Rd3+ 41. Kf4 Ra3 42. Ra6 Rxa2 43. g4 a4 44. Nc5+ Ke7 45. Nxa4 Nd7 46. Nc5 Rf2+
47. Ke3 Nxc5 48. Rc6 Rf6 49. Rxc5 Kd7 50. h5 g5 51. hxg6 Rxg6 52. Kf4 Rf6+ 53.
Kg3 Rf1 54. Rc6 Rc1 55. Kf4 Rh1 56. c5 Rf1+ 57. Kg3 h5 58. gxh5 Rf5 59. Rh6
Rxd5 60. c6+ Ke7 61. Rh7+ Kf6 62. Kf4 Rd4+ 63. Ke3 Rh4 64. Rxc7 Rxh5 65. Kd4
Ke6 66. Rd7 Rh1 67. Kc5 Rc1+ 68. Kb6 Rb1+ 69. Kc7 Rc1 70. Kb7 Rb1+ 71. Kc8 Rb6
72. c7 Rb1 73. Kd8 1-0

[Event "Budapest FS06 GM"]
[Site "Budapest"]
[Date "1996.??.??"]
[Round "10"]
[White "Vajda, Levente"]
[Black "Zeitlein, Michael"]
[Result "0-1"]
[WhiteElo "2370"]
[BlackElo "2425"]
[PlyCount "78"]
[EventDate "1996.06.??"]
[EventType "tourn"]
[EventRounds "11"]
[EventCountry "HUN"]
[EventCategory "7"]
[SourceTitle "CBM 052 Extra"]
[Source "ChessBase"]
[SourceDate "1996.07.01"]
[SourceVersion "1"]
[SourceVersionDate "1996.07.01"]
[SourceQuality "1"]

1. e4 c6 2. d4 d5 3. e5 Na6 4. c3 Bf5 5. Nf3 e6 6. Be2 Ne7 7. Nh4 Be4 8. Nd2
Nf5 9. Nxe4 Nxh4 10. Bg5 Nxg2+ 11. Kf1 Qb6 12. Nc5 h6 13. Bxa6 hxg5 14. Bxb7
Nf4 15. Bxa8 Bxc5 16. Qb3 Qa6+ 17. c4 dxc4 18. Qb7 Qxb7 19. Bxb7 Bxd4 20. Bxc6+
Ke7 21. Rd1 Bxe5 22. Bb5 Rb8 23. Bxc4 Rxb2 24. h3 Bd4 25. Rh2 f5 26. Bb3 e5 27.
Rc1 Kd6 28. Bc2 e4 29. a4 Ke5 30. Ke1 Bc3+ 31. Kd1 Rb4 32. Bb1 Kd4 33. f3 Nd5
34. fxe4 Ne3+ 35. Ke2 Rb2+ 36. Bc2 Nxc2 37. Kf3 Ne1+ 38. Rxe1 Rxh2 39. Rd1+ Rd2
0-1

[Event "Passau op 5th"]
[Site "Passau"]
[Date "1997.??.??"]
[Round "7"]
[White "Zeitlein, Michael"]
[Black "Bunzmann, Dimitrij"]
[Result "1-0"]
[WhiteElo "2455"]
[BlackElo "2385"]
[PlyCount "49"]
[EventDate "1997.05.??"]
[EventType "swiss"]
[EventRounds "7"]
[EventCountry "GER"]
[SourceTitle "EXT 2001"]
[Source "ChessBase"]
[SourceDate "2000.11.22"]
[SourceVersion "1"]
[SourceVersionDate "2000.11.22"]
[SourceQuality "1"]

1. Nf3 d5 2. c4 c6 3. e3 Nf6 4. Nc3 e6 5. d4 Bd6 6. Ne5 Nbd7 7. f4 O-O 8. Bd3
dxc4 9. Nxc4 Be7 10. O-O c5 11. Kh1 cxd4 12. exd4 Nb6 13. Ne5 Nbd5 14. a3 a6
15. Rf3 Qc7 16. Nxd5 exd5 17. Qb3 Bd8 18. Bd2 Qb6 19. Qc2 Be7 20. Re1 Bd6 21.
Bc3 Be6 22. Qe2 Rae8 23. Rg3 Qc7 24. f5 Bc8 25. Qd2 1-0

[Event "Passau op 6th"]
[Site "Passau"]
[Date "1998.04.12"]
[Round "5"]
[White "Zeitlein, Michael"]
[Black "Wells, Peter K"]
[Result "1-0"]
[WhiteElo "2445"]
[BlackElo "2530"]
[PlyCount "63"]
[EventDate "1998.04.10"]
[EventType "swiss"]
[EventRounds "7"]
[EventCountry "GER"]
[SourceTitle "EXT 1999"]
[Source "ChessBase"]
[SourceDate "1998.11.16"]
[SourceVersion "1"]
[SourceVersionDate "1998.11.16"]
[SourceQuality "1"]

1. Nf3 c5 2. c3 Nc6 3. d4 cxd4 4. cxd4 d5 5. Nc3 Nf6 6. Bf4 Ne4 7. e3 Nxc3 8.
bxc3 g6 9. Bb5 Bg7 10. Ne5 Bd7 11. Bxc6 Bxc6 12. Nxc6 bxc6 13. O-O Qa5 14. Qb3
O-O 15. Rfc1 Rfe8 16. Rab1 e5 17. dxe5 Bxe5 18. Bxe5 Rxe5 19. Qb7 Rae8 20. Qxc6
Qxa2 21. Ra1 Qd2 22. Rd1 Qe2 23. h3 R8e6 24. Qa8+ Kg7 25. Qxa7 Rg5 26. Qd7 Ree5
27. Rd4 Ref5 28. Rf4 Kg8 29. Qe7 h5 30. Qd8+ Kh7 31. Ra8 Qe1+ 32. Kh2 1-0